Państwa członkowskie Unii Europejskiej - Nagła Śmierć - Statystyki

Ogólne statystyki
  • Ten quiz został rozwiązany 343 razy
  • Średni wynik to 14 z 27
Answers on the Grid
Answers color-coded by a green-red scale on the quiz's grid according to % correct below.
Francja
Czechy
Andorra
Turcja
Bułgaria
Mołdawia
Luksemburg
Islandia
Kosowo
Łotwa
Ukraina
Hiszpania
Polska
Dania
Portugalia
Norwegia
Cypr
Szwajcaria
Słowacja
Serbia
Rumunia
Gruzja
Belgia
Irlandia
Estonia
Liechtenstein
Finlandia
Albania
Malta
Austria
Chorwacja
San Marino
Litwa
Slawonia
Rzeczpospolita Zakopiańska
Niemcy
Liwonia
Słowenia
Gibraltar
Włochy
Węgry
Jugosławia
Czczenia
Szwecja
Gagauzja
Grecja
Czarnogóra
Holandia
 
Statystyki odpowiedzi
Odpowiedź % Poprawnych
Polska
61%
Francja
59%
Holandia
59%
Hiszpania
58%
Austria
55%
Belgia
55%
Czechy
55%
Niemcy
55%
Grecja
54%
Litwa
53%
Irlandia
52%
Dania
51%
Estonia
51%
Portugalia
49%
Chorwacja
48%
Włochy
48%
Węgry
47%
Finlandia
46%
Luksemburg
46%
Rumunia
46%
Słowacja
46%
Słowenia
45%
Szwecja
44%
Bułgaria
43%
Łotwa
43%
Cypr
42%
Malta
40%
Nie znaleziono quizów pasujących do podanych kryteriów
Rozkład punktacji
Procent ludzi z każdym wynikiem
Percentyl według liczby udzielonych odpowiedzi
Twoja historia wyników
Nie rozwiązałeś tego quizu